000
00247nam a22001217a 4500
008
181015b xxu||||| |||| 00| 0 eng d
041
_a
eng
080
_a
610
100
_a
4
101
_a
SHM
245
_a
Epidomilogy
_c
Mahon.B
942
_2
udc
_c
BK
999
_c
49781
_d
49781